000 00548cam a22001697a 4500
008 180718b2005 xxu||||| |||| 00| 0 eng d
020 _a8180691993
082 _aB131x54 T326/1
245 _aUrban and regional development in India: essays in honour of Prof. L.N. Ram
_cedited by B. Thakur, et.al.
260 _aNew Delhi
_bConcept
_c2005
300 _a2 vols.
500 _aContents: v.1. 348p.; v.2. 349-874p.
650 _aUrban policy - India
650 _aUrbanization -India
650 _aUrban development - India
700 _aThakur, B.
999 _c403600
_d403600